[Event "Tenerife-ch Seniors/Women"]
[Site "Santa Cruz de Tenerife"]
[Date "2023.03.24"]
[Round "6.7"]
[White "Perez Garcia, Jimena"]
[Black "Medina Sanchez, Gines"]
[Result "1-0"]
[WhiteElo "1920"]
[BlackElo "1525"]
[PlyCount "65"]
[EventDate "2023.03.13"]
[EventType "swiss"]
[EventRounds "9"]
[EventCountry "ESP"]
[SourceTitle "EXT 2024"]
[Source "ChessBase"]
[SourceDate "2023.10.10"]
[SourceVersion "1"]
[SourceVersionDate "2023.10.10"]
[SourceQuality "1"]

1. d4 Nf6 2. c4 e6 3. Nc3 d5 4. cxd5 exd5 5. Bg5 Be7 6. e3 c6 7. Qc2 Nbd7 8. Bd3 Qa5 9. Nge2 c5 10. dxc5 Nxc5 11. Bb5+ Bd7 12. Bxd7+ Ncxd7 13. 0-0 0-0 14. Rfd1 Qc7 15. Qd2 Qe5 16. Bf4 Qe6 17. Nd4 Qa6 18. Ndb5 Bd8 19. a4 Rc8 20. Nxd5 Nxd5 21. Qxd5 Nf6 22. Qf5 Be7 23. b3 Rc5 24. Qd3 Rfc8 25. h3 Rd5 26. Qe2 Qb6 27. Rac1 Rxd1+ 28. Qxd1 Rd8 29. Qc2 Qa6 30. Bc7 Qc6 31. Bxd8 Bxd8 32. Qxc6 bxc6 33. Nd4 1-0

[Event "Tenerife-chT Segunda"]
[Site "Tenerife"]
[Date "2023.03.11"]
[Round "7.1"]
[White "Medina Sanchez, Gines"]
[Black "Cabrera Gomez, Tomas"]
[Result "1/2-1/2"]
[WhiteElo "1525"]
[BlackElo "1628"]
[PlyCount "113"]
[EventDate "2023.01.14"]
[EventType "team-tourn"]
[EventRounds "14"]
[EventCountry "ESP"]
[SourceTitle "EXT 2024"]
[Source "ChessBase"]
[SourceDate "2023.10.10"]
[SourceVersion "1"]
[SourceVersionDate "2023.10.10"]
[SourceQuality "1"]
[WhiteTeam "La Victoria 94 II"]
[BlackTeam "Ebano Barrio Nuevo III"]
[WhiteTeamCountry "ESP"]
[BlackTeamCountry "ESP"]

1. d4 Nf6 2. Nf3 d6 3. c4 g6 4. Nc3 Bg7 5. e4 Bg4 6. Be2 0-0 7. h3 Bxf3 8. Bxf3 c6 9. Be3 Re8 10. Qb3 Qb6 11. Qc2 Qa6 12. Be2 Qa5 13. g4 e5 14. 0-0-0 Nfd7 15. Kb1 Nf8 16. h4 Ne6 17. dxe5 dxe5 18. Bd3 Na6 19. a3 Qc7 20. Ne2 Nac5 21. h5 Nxd3 22. Rxd3 Nf4 23. Nxf4 exf4 24. Bd4 Bxd4 25. Rxd4 Rad8 26. Rxd8 Qxd8 27. hxg6 fxg6 28. c5 Qd4 29. Qb3+ Kh8 30. Qf7 Qxe4+ 31. Ka2 Qd5+ 32. Qxd5 cxd5 33. Rd1 Re5 34. f3 h5 35. gxh5 gxh5 36. Rd4 Rf5 37. b4 h4 38. Rd1 Kg7 39. Kb3 Kf6 40. Kc3 h3 41. Rh1 Rh5 42. Kd4 h2 43. b5 Ke6 44. a4 Kd7 45. Kd3 Kc7 46. Kc3 a5 47. Kd4 Kd7 48. Kd3 Ke6 49. Kd4 Rh3 50. Re1+ Kd7 51. Rh1 Rh5 52. Kd3 Kc7 53. Kd4 b6 54. c6 Kd6 55. Kd3 Rh6 56. Kd4 Rh7 57. Kd3 1/2-1/2

[Event "Santa Cruz Christmas op 32nd"]
[Site "Santa Cruz"]
[Date "2022.12.27"]
[Round "7"]
[White "Reyes Jarque, Samuel"]
[Black "Medina Sanchez, Gines"]
[Result "1-0"]
[WhiteElo "1256"]
[BlackElo "1556"]
[PlyCount "87"]
[EventDate "2022.12.15"]
[EventType "swiss"]
[EventRounds "9"]
[EventCountry "ESP"]
[SourceTitle "EXT 2024"]
[Source "ChessBase"]
[SourceDate "2023.10.10"]
[SourceVersion "1"]
[SourceVersionDate "2023.10.10"]
[SourceQuality "1"]

1. e4 c5 2. Nc3 Nc6 3. Nf3 e5 4. Bc4 Be7 5. d3 Nf6 6. 0-0 0-0 7. Bg5 d6 8. h3 Be6 9. b3 a6 10. a4 Nd4 11. Bxf6 Bxf6 12. Bd5 Qd7 13. Rb1 Bd8 14. Bxe6 fxe6 15. Nxd4 cxd4 16. Ne2 Bg5 17. Ng3 Rac8 18. Rb2 Qc7 19. Qg4 Qe7 20. Kh2 Rf4 21. Qd1 Bh4 22. f3 Bxg3+ 23. Kxg3 Rcf8 24. Kh2 Qf6 25. b4 g5 26. c3 dxc3 27. Rc2 g4 28. hxg4 Qh4+ 29. Kg1 R8f6 30. Qe1 Qg5 31. Rcf2 Rg6 32. Qc1 Qh4 33. g3 Qxg3+ 34. Rg2 Qh3 35. Rh2 Rgxg4+ 36. fxg4 Rxg4+ 37. Kh1 Qxd3 38. Rg1 Qf3+ 39. Rgg2 h5 40. Kg1 c2 41. Qxc2 Qe3+ 42. Kf1 Qf3+ 43. Rf2 Qg3 44. Qc8+ 1-0

[Event "Santa Cruz Christmas op 32nd"]
[Site "Santa Cruz"]
[Date "2022.12.20"]
[Round "4"]
[White "Medina Sanchez, Gines"]
[Black "Martinez Rojas, Carlos Jose"]
[Result "0-1"]
[WhiteElo "1556"]
[BlackElo "1942"]
[PlyCount "108"]
[EventDate "2022.12.15"]
[EventType "swiss"]
[EventRounds "9"]
[EventCountry "ESP"]
[SourceTitle "EXT 2024"]
[Source "ChessBase"]
[SourceDate "2023.10.10"]
[SourceVersion "1"]
[SourceVersionDate "2023.10.10"]
[SourceQuality "1"]

1. e4 e5 2. Nf3 Nc6 3. Bc4 Nf6 4. Ng5 d5 5. exd5 b5 6. Bxb5 Qxd5 7. Nc3 Qxg2 8. Qf3 Qxf3 9. Nxf3 Bd7 10. d3 Nd4 11. Bxd7+ Kxd7 12. Nxd4 exd4 13. Ne4 Nxe4 14. dxe4 Re8 15. f3 f5 16. Ke2 Bc5 17. Kd3 Rhf8 18. exf5 Rxf5 19. Rf1 Ref8 20. Ke4 Rh5 21. c3 dxc3 22. bxc3 Rh4+ 23. Kd3 Rxh2 24. Be3 Bxe3 25. Kxe3 Re8+ 26. Kd3 Re6 27. a3 Rd6+ 28. Ke3 Rc2 29. Rfc1 Rcd2 30. c4 R6d3+ 31. Ke4 Ke6 32. a4 c5 33. a5 Rb3 34. Rd1 Rxd1 35. Rxd1 Rc3 36. Rg1 Rxc4+ 37. Kd3 Rd4+ 38. Ke3 g6 39. Rc1 Rd5 40. f4 h5 41. Rg1 Kf6 42. a6 Rd6 43. Rg5 Rc6 44. Kd3 c4+ 45. Kc3 Rc7 46. Rb5 h4 47. Rb7 Rf7 48. Kxc4 h3 49. Rb2 Rh7 50. Rh2 Kf5 51. Kc5 Kxf4 52. Kc6 g5 53. Rxh3 Rxh3 54. Kb7 Rh7+ 0-1

[Event "Tenerife-chT Primera"]
[Site "Tenerife"]
[Date "2021.09.11"]
[Round "10.2"]
[White "Martinez Martin, Antonio"]
[Black "Medina Sanchez, Gines"]
[Result "1-0"]
[WhiteElo "1311"]
[BlackElo "1678"]
[PlyCount "67"]
[EventDate "2021.02.27"]
[EventType "team-tourn"]
[EventRounds "14"]
[EventCountry "ESP"]
[SourceTitle "EXT 2023"]
[Source "ChessBase"]
[SourceDate "2022.10.05"]
[SourceVersion "1"]
[SourceVersionDate "2022.10.05"]
[SourceQuality "1"]
[WhiteTeam "Playa San Juan"]
[BlackTeam "La Victoria 94"]
[WhiteTeamCountry "ESP"]
[BlackTeamCountry "ESP"]

1. e4 c5 2. Nf3 Nc6 3. Bc4 e6 4. Nc3 a6 5. a4 Nf6 6. d3 Qc7 7. Bg5 Bd6 8. Bb3 Ng4 9. h3 Nge5 10. Bh4 Ng6 11. Ne2 0-0 12. Bg3 e5 13. c3 h6 14. Nh4 Kh7 15. Nf5 Be7 16. Nc1 d6 17. Qh5 Be6 18. Bh2 Bxb3 19. Nxb3 Bf6 20. g4 Nce7 21. Bg3 Nf4 22. Bxf4 exf4 23. h4 Nxf5 24. Qxf5+ Kh8 25. g5 Be5 26. gxh6 gxh6 27. 0-0-0 Qc8 28. Qh5 Bg7 29. Rhg1 Qe6 30. Rg2 Qxb3 31. Rdg1 Rg8 32. Rxg7 Rxg7 33. Qxh6+ Rh7 34. Qf6+ 1-0

[Event "Tenerife-ch"]
[Site "Santa Cruz"]
[Date "2021.05.28"]
[Round "4"]
[White "Gomez Mederos, Daniel"]
[Black "Medina Sanchez, Gines"]
[Result "0-1"]
[WhiteElo "1194"]
[BlackElo "1672"]
[PlyCount "44"]
[EventDate "2021.05.21"]
[EventType "swiss"]
[EventRounds "7"]
[EventCountry "ESP"]
[SourceTitle "CBM 203 Extra"]
[Source "ChessBase"]
[SourceDate "2021.09.30"]
[SourceVersion "1"]
[SourceVersionDate "2021.09.30"]
[SourceQuality "1"]

1. e4 c5 2. Nf3 d6 3. c3 Nf6 4. h3 Nc6 5. Qc2 Qa5 6. Na3 a6 7. Nc4 Qc7 8. d4 b5 9. Ne3 c4 10. b3 cxb3 11. axb3 Bb7 12. c4 Nb4 13. Qd2 a5 14. e5 Ne4 15. Qd1 dxe5 16. Nxe5 e6 17. Ba3 Bd6 18. cxb5 Bxe5 19. Rc1 Qb6 20. dxe5 Rd8 21. Qg4 Qd4 22. Nc4 Qxf2# 0-1

[Event "Tenerife-ch Seniors"]
[Site "Tenerife"]
[Date "2020.01.27"]
[Round "6"]
[White "Medina Sanchez, Gines"]
[Black "Mendoza Contreras, Lucas Eduardo"]
[Result "0-1"]
[WhiteElo "1682"]
[BlackElo "2059"]
[PlyCount "60"]
[EventDate "2020.01.15"]
[EventType "swiss"]
[EventRounds "7"]
[EventCountry "ESP"]
[SourceTitle "CBM 195 Extra"]
[Source "ChessBase"]
[SourceDate "2020.05.31"]
[SourceVersion "1"]
[SourceVersionDate "2020.05.31"]
[SourceQuality "1"]

1. e4 c5 2. Nf3 d6 3. d4 cxd4 4. Nxd4 Nf6 5. Nc3 g6 6. f3 Bg7 7. Be3 Nc6 8. Qd2 Bd7 9. g4 Qa5 10. Nb3 Qc7 11. Nb5 Qb8 12. c3 Ne5 13. N5d4 0-0 14. Bg2 Nc4 15. Qe2 Nxe3 16. Qxe3 e5 17. Ne2 d5 18. g5 Nh5 19. exd5 Nf4 20. 0-0 Nxd5 21. Qc5 Be6 22. f4 Nxf4 23. Nxf4 exf4 24. Nd4 Rc8 25. Qe7 Bxd4+ 26. cxd4 f3 27. Bxf3 Rc2 28. Bg2 Bd5 29. Rf2 Rxf2 30. Kxf2 Qf4+ 0-1

[Event "Tenerife-ch Seniors"]
[Site "Tenerife"]
[Date "2020.01.17"]
[Round "2"]
[White "Rodriguez Perez, Mauro"]
[Black "Medina Sanchez, Gines"]
[Result "1/2-1/2"]
[WhiteElo "1884"]
[BlackElo "1682"]
[PlyCount "54"]
[EventDate "2020.01.15"]
[EventType "swiss"]
[EventRounds "7"]
[EventCountry "ESP"]
[SourceTitle "CBM 195 Extra"]
[Source "ChessBase"]
[SourceDate "2020.05.31"]
[SourceVersion "1"]
[SourceVersionDate "2020.05.31"]
[SourceQuality "1"]

1. d4 d5 2. c4 e6 3. Nc3 Nf6 4. cxd5 exd5 5. Qc2 c6 6. Nf3 Bd6 7. Bg5 Nbd7 8. e3 h6 9. Bh4 Qa5 10. Bd3 0-0 11. 0-0 Re8 12. a3 Qc7 13. Rfc1 a6 14. b4 Ng4 15. Bg3 Bxg3 16. hxg3 Ndf6 17. Re1 Be6 18. a4 Rac8 19. Rac1 Bd7 20. Bf5 Qd8 21. Bxg4 Nxg4 22. Qd3 Qf6 23. b5 axb5 24. axb5 Re7 25. bxc6 bxc6 26. Qa6 Rce8 27. Ne2 g5 1/2-1/2

[Event "Tenerife-ch Seniors"]
[Site "Tenerife"]
[Date "2020.01.15"]
[Round "1"]
[White "Medina Sanchez, Gines"]
[Black "Garcia Lorenzo, Jaime"]
[Result "1-0"]
[WhiteElo "1682"]
[BlackElo "1196"]
[PlyCount "67"]
[EventDate "2020.01.15"]
[EventType "swiss"]
[EventRounds "7"]
[EventCountry "ESP"]
[SourceTitle "CBM 195 Extra"]
[Source "ChessBase"]
[SourceDate "2020.05.31"]
[SourceVersion "1"]
[SourceVersionDate "2020.05.31"]
[SourceQuality "1"]

1. d4 d5 2. c4 c6 3. Nc3 Nf6 4. Bg5 Bf5 5. e3 e6 6. Nf3 h6 7. Bh4 Be7 8. cxd5 cxd5 9. Qa4+ Nc6 10. Bb5 Qb6 11. Ne5 Rc8 12. 0-0 0-0 13. Bxf6 gxf6 14. Nd7 Qa5 15. Nxf8 Qxa4 16. Bxa4 Rxf8 17. a3 a6 18. Rac1 e5 19. Nxd5 exd4 20. Bxc6 Bd8 21. Bxb7 Be6 22. exd4 Kh8 23. Rc3 f5 24. Nf4 Bd7 25. Bc6 Bc8 26. d5 a5 27. Re1 Rg8 28. Re8 Bf6 29. Rxg8+ Kxg8 30. Rg3+ Kf8 31. Nd3 Ba6 32. Nc5 f4 33. Rb3 Kg7 34. Nxa6 1-0

[Event "Tenerife-chT Primera 1920"]
[Site "Tenerife "]
[Date "2020.01.04"]
[Round "4.3"]
[White "Rodriguez Perez, Mauro"]
[Black "Medina Sanchez, Gines"]
[Result "0-1"]
[WhiteElo "1919"]
[BlackElo "1642"]
[PlyCount "44"]
[EventDate "2019.11.30"]
[EventType "team-tourn"]
[EventRounds "14"]
[EventCountry "ESP"]
[SourceTitle "CBM 195 Extra"]
[Source "ChessBase"]
[SourceDate "2020.05.31"]
[SourceVersion "1"]
[SourceVersionDate "2020.05.31"]
[SourceQuality "1"]
[WhiteTeam "Circulo de Amistad XII Enero"]
[BlackTeam "La Victoria 94"]
[WhiteTeamCountry "ESP"]
[BlackTeamCountry "ESP"]

1. d4 Nf6 2. Bf4 e6 3. Nf3 b6 4. e3 Bb7 5. Nbd2 d5 6. Bd3 Bd6 7. Bg3 Nbd7 8. Ne5 Bxe5 9. dxe5 Ne4 10. Bxe4 dxe4 11. Qg4 Qe7 12. 0-0 0-0-0 13. Nb3 h5 14. Bh4 hxg4 15. Bxe7 Rde8 16. Bb4 Rh5 17. f4 exf3 18. g3 Reh8 19. Rf2 Rxh2 20. Rxh2 f2+ 21. Kf1 Rxh2 22. Bc3 Ba6# 0-1

[Event "Santa Cruz de Tenerife Autumn op"]
[Site "Santa Cruz de Tenerife"]
[Date "2019.11.06"]
[Round "8"]
[White "Medina Sanchez, Gines"]
[Black "Martinez Rojas, Carlos Jose"]
[Result "0-1"]
[WhiteElo "1642"]
[BlackElo "2037"]
[PlyCount "60"]
[EventDate "2019.10.16"]
[EventType "swiss"]
[EventRounds "9"]
[EventCountry "ESP"]
[SourceTitle "CBM 192 Extra"]
[Source "Chessbase"]
[SourceDate "2019.11.06"]
[SourceVersion "1"]
[SourceVersionDate "2019.11.06"]
[SourceQuality "1"]

1. c4 b5 2. b3 bxc4 3. bxc4 e5 4. Bb2 Nc6 5. Nc3 f5 6. e4 Rb8 7. Rb1 Nf6 8. d3 fxe4 9. dxe4 Bc5 10. Be2 0-0 11. Nf3 d6 12. 0-0 Qe8 13. Nh4 Nd4 14. h3 Nxe2+ 15. Qxe2 Nh5 16. Kh2 Nf4 17. Qd1 Qd8 18. Nf3 Qe8 19. Nh4 Qe6 20. Qg4 Qxg4 21. hxg4 Bxg4 22. f3 Be6 23. Nd5 Bxd5 24. cxd5 Rb6 25. Bc3 Rfb8 26. Rxb6 Rxb6 27. Ba5 Rb2 28. Bxc7 g6 29. Kh1 Kf7 30. g3 Nh5 0-1

[Event "Santa Cruz de Tenerife Autumn op"]
[Site "Santa Cruz de Tenerife"]
[Date "2019.10.18"]
[Round "2"]
[White "Medina Sanchez, Gines"]
[Black "Mamani Beltran, Deniman"]
[Result "0-1"]
[WhiteElo "1642"]
[BlackElo "1893"]
[PlyCount "84"]
[EventDate "2019.10.16"]
[EventType "swiss"]
[EventRounds "9"]
[EventCountry "ESP"]
[SourceTitle "CBM 192 Extra"]
[Source "Chessbase"]
[SourceDate "2019.11.06"]
[SourceVersion "1"]
[SourceVersionDate "2019.11.06"]
[SourceQuality "1"]

1. e4 e6 2. d4 d5 3. exd5 exd5 4. Bd3 Bd6 5. Nf3 Ne7 6. Bg5 f6 7. Bh4 Nbc6 8. c3 Bf5 9. 0-0 Qd7 10. Re1 Bxd3 11. Qxd3 0-0-0 12. b4 h5 13. Bg3 Nf5 14. Bxd6 Nxd6 15. Nbd2 g5 16. Nb3 h4 17. Nc5 Qf7 18. a4 g4 19. Nd2 g3 20. h3 gxf2+ 21. Kxf2 Rhg8 22. Re3 Rg6 23. b5 Na5 24. Rg1 f5 25. Nf3 Nac4 26. Nxh4 Rh6 27. g3 Nxe3 28. Qxe3 f4 29. Qf3 fxg3+ 30. Rxg3 Rxh4 31. Qxf7 Nxf7 32. Rf3 Nd6 33. Nd3 Ne4+ 34. Kg2 Rg8+ 35. Kh2 Nxc3 36. Ne5 Nxa4 37. Nf7 Rxd4 38. Nh6 Rd2+ 39. Kh1 Re8 40. Rf1 Nc3 41. Ng4 Ne4 42. Rg1 Rh8 0-1

[Event "Tenerife-chT Primera 1819"]
[Site "Tenerife"]
[Date "2019.04.27"]
[Round "14.4"]
[White "Perez Garcia, Saul"]
[Black "Medina Sanchez, Gines"]
[Result "0-1"]
[WhiteElo "1817"]
[BlackElo "1565"]
[PlyCount "72"]
[EventDate "2018.11.24"]
[EventType "team-tourn"]
[EventRounds "14"]
[EventCountry "ESP"]
[SourceTitle "EXT 2021"]
[Source "ChessBase"]
[SourceDate "2020.10.23"]
[SourceVersion "1"]
[SourceVersionDate "2020.10.23"]
[SourceQuality "1"]
[WhiteTeam "Ebano Barrio Nuevo"]
[BlackTeam "La Victoria 94"]
[WhiteTeamCountry "ESP"]
[BlackTeamCountry "ESP"]

1. d4 Nf6 2. Bg5 Ne4 3. Bf4 c5 4. d5 d6 5. f3 Nf6 6. e4 g6 7. c4 Bg7 8. Ne2 Nh5 9. Bc1 f5 10. Nbc3 fxe4 11. Nxe4 0-0 12. N2c3 Nd7 13. Bg5 h6 14. Be3 Ne5 15. Qd2 Kh7 16. Be2 Nf6 17. Ng3 a6 18. h4 h5 19. Nge4 Nxe4 20. Nxe4 Bf5 21. Nf2 Bd7 22. a4 Qe8 23. f4 Ng4 24. Nxg4 Bxg4 25. Bxg4 hxg4 26. Ra3 e5 27. 0-0 Qe7 28. g3 exf4 29. Rxf4 Rxf4 30. Bxf4 Rf8 31. Rb3 Bd4+ 32. Kh2 Re8 33. Qg2 b5 34. cxb5 Qe1 35. Bd2 Qd1 36. Re3 Bxe3 0-1

[Event "Tenerife-chT Segunda-A 1819"]
[Site "Tenerife"]
[Date "2019.03.16"]
[Round "10.1"]
[White "Medina Sanchez, Gines"]
[Black "Estevez Darias, Maria Florentina"]
[Result "1-0"]
[WhiteElo "1565"]
[BlackElo "1446"]
[PlyCount "47"]
[EventDate "2018.11.24"]
[EventType "team-tourn"]
[EventRounds "14"]
[EventCountry "ESP"]
[SourceTitle "CBM 189 Extra"]
[Source "ChessBase"]
[SourceDate "2019.06.03"]
[SourceVersion "1"]
[SourceVersionDate "2019.06.03"]
[SourceQuality "1"]
[WhiteTeam "La Victoria 94 II"]
[BlackTeam "Al Shah Mat Los Realejos"]
[WhiteTeamCountry "ESP"]
[BlackTeamCountry "ESP"]

1. d4 Nf6 2. c4 e6 3. Nf3 Be7 4. Nc3 0-0 5. e4 d6 6. Be2 b6 7. 0-0 Bb7 8. Qc2 h6 9. h3 Nbd7 10. Rd1 Qc8 11. Bf4 c5 12. e5 dxe5 13. dxe5 Ne8 14. Rd2 f6 15. Rad1 Nxe5 16. Nxe5 fxe5 17. Bxh6 Bc6 18. Be3 Qb7 19. Bg4 Kh8 20. Bxe6 Rf6 21. Nd5 Bxd5 22. cxd5 Nd6 23. Bg5 Rxe6 24. dxe6 1-0

[Event "Tenerife-chT Primera 1819"]
[Site "Tenerife"]
[Date "2019.02.23"]
[Round "9.4"]
[White "Hernandez Fernandez, Pablo"]
[Black "Medina Sanchez, Gines"]
[Result "0-1"]
[WhiteElo "1548"]
[BlackElo "1565"]
[PlyCount "120"]
[EventDate "2018.11.24"]
[EventType "team-tourn"]
[EventRounds "14"]
[EventCountry "ESP"]
[SourceTitle "CBM 189 Extra"]
[Source "ChessBase"]
[SourceDate "2019.06.03"]
[SourceVersion "1"]
[SourceVersionDate "2019.06.03"]
[SourceQuality "1"]
[WhiteTeam "El Sauzal Libreria Barco"]
[BlackTeam "La Victoria 94"]
[WhiteTeamCountry "ESP"]
[BlackTeamCountry "ESP"]

1. c4 Nf6 2. g3 d5 3. cxd5 Nxd5 4. Bg2 c6 5. Nf3 g6 6. 0-0 Bg7 7. Nc3 0-0 8. e4 Nxc3 9. bxc3 Qd3 10. Re1 e5 11. Re3 Qd6 12. d4 Bg4 13. Rd3 Rd8 14. Bb2 Na6 15. h3 Be6 16. a3 Nc5 17. Re3 Bh6 18. Re1 Nb3 19. Rb1 exd4 20. cxd4 Bc4 21. Qc2 b5 22. Rbd1 Bg7 23. e5 Qc7 24. Bc3 Rac8 25. Bb4 h6 26. Bd6 Qd7 27. Qb2 Bd5 28. Nd2 Na5 29. Bxd5 cxd5 30. Kg2 Nc4 31. Nxc4 dxc4 32. Qc3 Qc6+ 33. d5 Qxd6 34. Qe3 Qc5 35. Qf3 Re8 36. e6 fxe6 37. dxe6 Re7 38. Rd7 Rce8 39. Qg4 Qf5 40. Qxf5 gxf5 41. Rd6 Bb2 42. Ra6 Kg7 43. f4 Kf6 44. g4 Rd8 45. Kg3 Rd3+ 46. Kh4 Bd4 47. Re2 Bb6 48. a4 b4 49. gxf5 Kxf5 50. Re5+ Kxf4 51. Rb5 Rxe6 52. Raxb6 axb6 53. Rxb4 Rc6 54. a5 bxa5 55. Rb5 Ke3 56. Rxa5 c3 57. Re5+ Kd4 58. Re1 c2 59. Rg1 c1Q 60. Rg4+ Kc3 0-1

[Event "Tenerife-chT Primera 1819"]
[Site "Tenerife"]
[Date "2018.11.24"]
[Round "1.4"]
[White "Puche Rodriguez, Pedro"]
[Black "Medina Sanchez, Gines"]
[Result "1/2-1/2"]
[WhiteElo "1294"]
[BlackElo "1565"]
[PlyCount "54"]
[EventDate "2018.11.24"]
[EventType "team-tourn"]
[EventRounds "14"]
[EventCountry "ESP"]
[SourceTitle "CBM 189 Extra"]
[Source "ChessBase"]
[SourceDate "2019.06.03"]
[SourceVersion "1"]
[SourceVersionDate "2019.06.03"]
[SourceQuality "1"]
[WhiteTeam "Benito"]
[BlackTeam "La Victoria 94"]
[WhiteTeamCountry "ESP"]
[BlackTeamCountry "ESP"]

1. c4 Nf6 2. Nc3 g6 3. e4 d6 4. d4 Bg7 5. Nf3 0-0 6. Be2 c5 7. 0-0 cxd4 8. Nxd4 Nc6 9. Be3 Bd7 10. Rc1 Rc8 11. a3 Ne5 12. Nd5 Nfg4 13. Bf4 a6 14. h3 Nf6 15. Bxe5 dxe5 16. Nxf6+ Bxf6 17. Nf3 Bc6 18. Qc2 Qc7 19. b4 b6 20. Rfd1 Qb7 21. Bd3 Rfd8 22. Qe2 a5 23. c5 b5 24. Ra1 a4 25. Ra2 Rd7 26. Rad2 Rcd8 27. g4 Bg7 1/2-1/2

[Event "Tenerife-chT Primera 1718"]
[Site "Tenerife"]
[Date "2018.04.07"]
[Round "14.4"]
[White "Perez Garcia, Jimena"]
[Black "Medina Sanchez, Gines"]
[Result "1-0"]
[WhiteElo "1536"]
[BlackElo "1660"]
[PlyCount "99"]
[EventDate "2017.11.11"]
[EventType "team-tourn"]
[EventRounds "14"]
[EventCountry "ESP"]
[SourceTitle "EXT 2021"]
[Source "ChessBase"]
[SourceDate "2020.10.23"]
[SourceVersion "1"]
[SourceVersionDate "2020.10.23"]
[SourceQuality "1"]
[WhiteTeam "Ebano Casa Venezuela III"]
[BlackTeam "La Victoria 94 II"]
[WhiteTeamCountry "ESP"]
[BlackTeamCountry "ESP"]

1. d4 d5 2. c4 e6 3. Nc3 Nf6 4. cxd5 exd5 5. Bg5 Be7 6. e3 c6 7. Bd3 Nbd7 8. Nge2 0-0 9. 0-0 Re8 10. f3 Nf8 11. h3 Ne6 12. Bh4 g5 13. Bf2 Nh5 14. Qc2 h6 15. Rad1 Bf6 16. Kh1 Kh8 17. Qd2 b6 18. Bb1 Ba6 19. Qc2 Nf8 20. Rfe1 Rc8 21. e4 Bxe2 22. Nxe2 dxe4 23. fxe4 Ng6 24. Qb3 Kg7 25. e5 Be7 26. Qd3 Qd5 27. Qf5 Qe6 28. Qf3 Nhf4 29. Ng3 Nh4 30. Nh5+ Nxh5 31. Bxh4 Nf4 32. Bg3 Nd5 33. Bf5 Rf8 34. Bxe6 fxe6 35. Qg4 Rf5 36. Qh5 Rcf8 37. Qe2 Kg6 38. Rf1 Ne3 39. Rxf5 Nxf5 40. Bh2 Rd8 41. Qe4 Kf7 42. g4 Ng7 43. Qxc6 Kg8 44. Qb7 Re8 45. Qxa7 Bd8 46. Rf1 Re7 47. Qa8 Rd7 48. Qf3 Rd5 49. Qf8+ Kh7 50. Rf7 1-0

[Event "Tenerife-chT Primera 1718"]
[Site "Tenerife"]
[Date "2018.01.27"]
[Round "8.3"]
[White "Juli Gil, Jorge"]
[Black "Medina Sanchez, Gines"]
[Result "1-0"]
[WhiteElo "1533"]
[BlackElo "1660"]
[PlyCount "101"]
[EventDate "2017.11.11"]
[EventType "team-tourn"]
[EventRounds "14"]
[EventCountry "ESP"]
[SourceTitle "CBM 187 Extra"]
[Source "ChessBase"]
[SourceDate "2018.11.04"]
[SourceVersion "1"]
[SourceVersionDate "2018.11.04"]
[SourceQuality "1"]
[WhiteTeam "Piratas La Orotava II"]
[BlackTeam "La Victoria 94 II"]
[WhiteTeamCountry "ESP"]
[BlackTeamCountry "ESP"]

1. d4 d5 2. Nf3 Nf6 3. c4 c6 4. Nc3 dxc4 5. a4 Bf5 6. Ne5 e6 7. Bg5 h6 8. e4 Bh7 9. Bxf6 Qxf6 10. Be2 Nd7 11. Nxc4 Bb4 12. 0-0 0-0 13. Bf3 Rfd8 14. Qb3 a5 15. Rad1 e5 16. dxe5 Nxe5 17. Nxe5 Qxe5 18. Rxd8+ Rxd8 19. Rd1 Rxd1+ 20. Qxd1 Bg6 21. Qd3 f6 22. g3 Qe7 23. Bg2 Bf7 24. h4 Be6 25. Bf3 Qd7 26. Qxd7 Bxd7 27. Bd1 Kf7 28. Kf1 Ke6 29. Bg4+ Kd6 30. Bxd7 Kxd7 31. Ke2 Kd6 32. Kd3 Bc5 33. f4 Bf2 34. e5+ Ke6 35. exf6 gxf6 36. Ne4 Bb6 37. h5 Kf5 38. b3 Bc7 39. Ke3 b5 40. Kf3 Ke6 41. g4 f5 42. gxf5+ Kxf5 43. Ng3+ Kf6 44. Ke4 bxa4 45. bxa4 Bd6 46. Nf5 Bf8 47. Ne3 Bc5 48. Nc4 Bb4 49. Ne3 Bc3 50. Nf5 Ke6 51. Nxh6 1-0

[Event "Tenerife-chT Primera 1718"]
[Site "Tenerife"]
[Date "2017.12.09"]
[Round "4.4"]
[White "Calvo Nobrega, Joaquin Manuel"]
[Black "Medina Sanchez, Gines"]
[Result "1-0"]
[WhiteElo "1641"]
[BlackElo "1660"]
[PlyCount "53"]
[EventDate "2017.11.11"]
[EventType "team-tourn"]
[EventRounds "14"]
[EventCountry "ESP"]
[SourceTitle "CBM 187 Extra"]
[Source "ChessBase"]
[SourceDate "2018.11.04"]
[SourceVersion "1"]
[SourceVersionDate "2018.11.04"]
[SourceQuality "1"]
[WhiteTeam "Circulo de Amistad XII Enero III"]
[BlackTeam "La Victoria 94 II"]
[WhiteTeamCountry "ESP"]
[BlackTeamCountry "ESP"]

1. d4 Nf6 2. g3 g6 3. Bg2 d5 4. Bg5 Bf5 5. Nd2 h6 6. Bxf6 exf6 7. e4 Be6 8. Ne2 dxe4 9. Nxe4 c6 10. 0-0 f5 11. N4c3 Bg7 12. d5 cxd5 13. Nxd5 Nc6 14. Nef4 0-0 15. Re1 Re8 16. c3 Rb8 17. Qb3 Na5 18. Qc2 g5 19. Nxe6 fxe6 20. Ne3 Qf6 21. Rad1 Re7 22. Rd6 Rbe8 23. Red1 Qf7 24. Qd3 f4 25. Nd5 Rd7 26. Rxd7 Qxd7 27. Nf6+ 1-0